عرض عادي
عرض مارك
- Gohar, R.
مدخل إسم شخص
001 - رقم الضبط
- حقل الضبط: 46122
003 - معرف رقم الضبط
- حقل الضبط: OSt
005 - تاريخ ووقت أخر عملية
- حقل الضبط: 20140708223939.0
008 - عناصر بيانات ثابتة الطول
- حقل تحكم ثابت الطول: 140708|||a|||||| | ||| d
040 ## - مصدر الفهرسة
- هيئة الفهرسة الأصلية: OSt
- وكالة الكتابة: OSt
100 ## - مدخل -- أسم شخص
- إسم شخص: Gohar, R.
- الشكل الكامل للاسم: (Ramsey),
- تواريخ مرتبطة بالاسم: 1928-
670 ## - بيانات المصدر موجوده
- الاستشهاد بالمصدر: Work cat.: (OSt)0: Gohar, R. (Ramsey), 1928-, Fundamentals of tribology /, c2008.
